| 000 | 00587nam a2200193 a 4500 | ||
|---|---|---|---|
| 005 | 20260206064034.0 | ||
| 008 | 991125 1992 mx 000 0 spa u | ||
| 035 | _aUPN01000027058 | ||
| 049 | _aCG | ||
| 050 | 4 |
_aGN42 _bG93 |
|
| 245 | 0 | 0 |
_aGuía y lecturas para una primera práctica de campo / _cEvans Pritchard ... [et al.]. |
| 260 |
_aMéxico : _bUAQ, _c1992. |
||
| 300 | _a281 p. | ||
| 440 | 0 |
_aCuadernos de antropología. _pHumanidades. |
|
| 440 | 0 | _aAntropología | |
| 650 | 4 |
_aAntropología _xEstudio y enseñanza _94767 |
|
| 700 | 1 |
_aPritchard, Evans, _ecoaut. |
|
| 905 | _aLibro | ||
| 999 |
_c27058 _d27058 |
||